000 01041cam a22003377a 4500
001 001586
003 armpunfd
005 20140612090645.0
008 041221e0####xx#a##########000#0#und#d
040 _aarmpunfd
_carmpunfd
080 _a347.736 G 16
100 1 0 _a Garaguso, Horacio Pablo
245 1 0 _aProceso concursal. el concurso como proceso.
260 _a Uenos Aires: Ad- Hoc
_b1999. I.S.B.N: 950-894-181-2. 270 P.
650 7 _a Concurso Preventivo
_2LEMB
650 7 _a Concursos
_2LEMB
650 7 _a Conversion
_2LEMB
650 7 _a Derecho Concursal
_2LEMB
650 7 _a Extension De La Quiebra
_2LEMB
650 7 _a Ineficacia Concursal
_2LEMB
650 7 _a Proceso Concursal
_2LEMB
650 7 _a Quiebra
_2LEMB
650 7 _a Recursos
_2LEMB
650 7 _a Salvataje
_2LEMB
650 7 _a Solicitud De Quiebra
_2LEMB
650 7 _a Verificacion De Creditos
_2LEMB
700 1 0 _aMoriondo, Alberto ÁNgel
942 _cLB
_2cdu
945 _aCatalis
_d2010-08-19
945 _aCatalis
_d2010-08-19
999 _c1577
_d232081